Statistics for Asia's Largest Airlines

Click here to take the quiz!

General Stats

  • This quiz has been taken 86 times
  • The average score is 13 of 20

Answer Stats

PassengersAirline% Correct
115Air China
93%
58.6Emirates
88%
43.6Japan Airlines
86%
35.5Singapore Airlines Group
83%
49.8All Nippon Airways
80%
26.8Korean Air
80%
121.1China Eastern Airlines
78%
35.23Cathay Pacific
74%
151.63China Southern Airlines
74%
73Air Asia Group
72%
28.3Air India
72%
38.4Garuda Indonesia
72%
32.2Saudia
62%
22Vietnam Airways
57%
29.5Qatar Airways
54%
61.9IndiGo
47%
51.8Lion Air Group
47%
79.9Hainan Airlines
45%
20.3Cebu Pacific
34%
23.1VietJet Air
21%

Score Distribution

Percentile by Number Answered

Percent of People with Each Score

Your Score History

You have not taken this quiz